000 00204 a2200097 4500
001 49513
100 _aMoore
245 _aProse at present
260 _aLondon
_bG Bell son ltd
_c
090 _c32043
_d32043
942 _aNUST-CAE
_cM
_c24496
999 _c284586
_d284586